Microbiology: (Record no. 6138)
[ view plain ]
| 000 -LEADER | |
|---|---|
| fixed length control field | 00648nam a22002177a 4500 |
| 003 - CONTROL NUMBER IDENTIFIER | |
| control field | OSt |
| 005 - DATE AND TIME OF LATEST TRANSACTION | |
| control field | 20260304181331.0 |
| 008 - FIXED-LENGTH DATA ELEMENTS--GENERAL INFORMATION | |
| fixed length control field | 260304b |||||||| |||| 00| 0 eng d |
| 020 ## - INTERNATIONAL STANDARD BOOK NUMBER | |
| International Standard Book Number | 1292737425 |
| 020 ## - INTERNATIONAL STANDARD BOOK NUMBER | |
| International Standard Book Number | 9781292737423 |
| 040 ## - CATALOGING SOURCE | |
| Transcribing agency | KABLIB |
| Original cataloging agency | KABLIB |
| Language of cataloging | eng |
| Description conventions | rda |
| 082 ## - DEWEY DECIMAL CLASSIFICATION NUMBER | |
| Edition number | 23 |
| Classification number | 579 |
| Item number | MIC |
| 245 ## - TITLE STATEMENT | |
| Title | Microbiology: |
| Remainder of title | An introduction/ |
| Statement of responsibility, etc. | Gerard J. Tortora . . . [et al.] |
| 250 ## - EDITION STATEMENT | |
| Edition statement | 14th Ed. |
| Remainder of edition statement | Global Edition |
| 260 ## - PUBLICATION, DISTRIBUTION, ETC. | |
| Place of publication, distribution, etc. | Harlow : |
| Name of publisher, distributor, etc. | Pearson Education Limited, |
| Date of publication, distribution, etc. | c2025. |
| 300 ## - PHYSICAL DESCRIPTION | |
| Extent | 857 p. : |
| Other physical details | ill. (som col.) ; |
| Dimensions | 28 cm. |
| 500 ## - GENERAL NOTE | |
| General note | Includes appendix, glossary, index. |
| 648 ## - SUBJECT ADDED ENTRY--CHRONOLOGICAL TERM | |
| Source of heading or term | Biology. |
| 650 ## - SUBJECT ADDED ENTRY--TOPICAL TERM | |
| Topical term or geographic name entry element | Microbiology |
| 942 ## - ADDED ENTRY ELEMENTS (KOHA) | |
| Source of classification or shelving scheme | Dewey Decimal Classification |
| Koha item type | Book |
| Withdrawn status | Lost status | Source of classification or shelving scheme | Damaged status | Not for loan | Home library | Current library | Shelving location | Date acquired | Source of acquisition | Total Checkouts | Full call number | Barcode | Date last seen | Price effective from | Koha item type |
|---|---|---|---|---|---|---|---|---|---|---|---|---|---|---|---|
| Dewey Decimal Classification | Mukombe Library | Education Library | Open Access Section | 04.03.2026 | Purchased | 579 MIC | 14703 | 04.03.2026 | 04.03.2026 | Book | |||||
| Dewey Decimal Classification | Mukombe Library | Education Library | Open Access Section | 04.03.2026 | Purchased | 579 MIC | 14704 | 04.03.2026 | 04.03.2026 | Book | |||||
| Dewey Decimal Classification | Mukombe Library | Education Library | Reserve Section | 04.03.2026 | Purchased | 579 MIC | 14705 | 04.03.2026 | 04.03.2026 | Book |